00613nam a2200205Ia 4500008004100000040001400041082002300055100002200078245003300100260003700133300001100170365002600181366000800207505002200215530003000237620005800267630003300325650001600358730003300374100315s9999 xx 000 0 und d cENGLISH  b10501 a371.331  a"Davies, Ivor K " aThe Organization of Training aLondon bMCGRAW-HILL  c1973  a113   eRupees d1 b0.00  f0  gVaibhav Gaikwad  bDonated By RBI Library   a"The Organization of Training, Education, RBI Book " aThe Organization of Training aEDUCATION  aThe Organization of Training